Các phương pháp phân tích vật lý và hóa lý

Nội dung sách giới thiệu về phương pháp phổ khối lượng, phổ khối của các hợp chất hữu cơ và phương pháp phân tích phổ khối lượng.

Saved in:
Bibliographic Details
Main Author: Nguyễn, Đình Triệu
Format: Book
Language:Undetermined
Published: Hà Nội Khoa học và Kỹ thuật 2005
Subjects:
Tags: Add Tag
No Tags, Be the first to tag this record!
Institutions: Trung tâm Học liệu Trường Đại học Cần Thơ
LEADER 00963nam a2200205Ia 4500
001 CTU_148725
008 210402s9999 xx 000 0 und d
020 |c 59000 
082 |a 543.08 
082 |b Tr309/T2 
100 |a Nguyễn, Đình Triệu 
245 0 |a Các phương pháp phân tích vật lý và hóa lý 
245 0 |c Nguyễn Đình Triệu 
260 |a Hà Nội 
260 |b Khoa học và Kỹ thuật 
260 |c 2005 
520 |a Nội dung sách giới thiệu về phương pháp phổ khối lượng, phổ khối của các hợp chất hữu cơ và phương pháp phân tích phổ khối lượng. 
650 |a Chemistry, analytic,chemistry, physical and theoretical,chromatographic analysis,Hóa học phân tích,Lý thuyết hóa lý,Phổ khối lượng 
904 |i QHieu 
980 |a Trung tâm Học liệu Trường Đại học Cần Thơ